000 00486nam a2200181Ia 4500
005 20250508160313.0
008 008 250505s9999 xx 000 0 eng d
037 _aTextual
040 _aFEDL
_beng
_cFEDL
041 _aeng
_2eng
084 _a820, BUR
_qFEDL
100 _aBurton S H
_959416
245 0 _aComprehension practice
260 _aLondon, UK
_bLongmans, Green and Co.
_c1965
300 _a114p.
942 _cTEXL
_h820, BUR
999 _c1363501
_d1363501